|
|
|
|
| LEADER |
01616nem a2200337 a 4500 |
| 001 |
000335368 |
| 003 |
CZ BrMZK |
| 005 |
20140321112857.0 |
| 007 |
aj ca||| |
| 008 |
010907q19221935xr g a 0 cze d |
| 034 |
1 |
|
|a a
|b 200000
|d E0160644
|e E0170759
|f N0494021
|g N0491248
|
| 040 |
|
|
|a BOA001
|b cze
|c BOA001
|
| 043 |
|
|
|a e-xr---
|b e-xr-jm
|2 czenas
|
| 072 |
|
7 |
|a 913(437)
|x Geografie Česka a Slovenska, reálie, cestování
|2 Konspekt
|9 7
|
| 072 |
|
7 |
|a 912
|x Mapy. Atlasy. Glóby
|2 Konspekt
|9 7
|
| 080 |
|
|
|a (437.322)
|2 MRF
|
| 080 |
|
|
|a (084.3)
|2 MRF
|
| 100 |
1 |
|
|a Plesinger, Václav,
|d -1937
|7 jk01093401
|4 aut
|
| 245 |
1 |
0 |
|a Politický okres boskovický
|h [kartografický dokument] /
|c nakreslil V. Plesinger
|
| 255 |
|
|
|a Měřítko 1:200 000
|c (016°06´44" v.d.--017°07´59" v.d./049°40´21" s.š.--049°12´48" s.š.)
|
| 260 |
|
|
|a Budyně n. Ohří :
|b Václav Plesinger,
|c [mezi 1922 a 1935]
|
| 300 |
|
|
|a 1 mapa :
|b barev. ;
|c 25 x 35 cm, na listu 30 x 39 cm +
|e příloha: Plesingrovy mapy pol. okresů moravských (2 l.)
|
| 490 |
1 |
|
|a Plesingrovy mapy pol. okresů moravských ;
|v 1
|
| 500 |
|
|
|a K listu je přilepen seznam Plesingrových map politických okresů moravských s rukopisnými poznámkami o jejich vydání (2 lístky)
|5 CZ-BrMZK
|
| 655 |
|
7 |
|a politické a správní mapy
|7 fd133032
|2 czenas
|
| 651 |
|
7 |
|a Boskovice (Česko : oblast)
|7 ge128801
|2 czenas
|
| 830 |
|
0 |
|a Plesingrovy mapy pol. okresů moravských
|
| 856 |
4 |
1 |
|u http://www.digitalniknihovna.cz/mzk/uuid/uuid:3f543cb0-a6e8-4040-b36f-aa70e40f7a12
|y Digitalizovaný dokument
|
| 910 |
|
|
|a BOA001
|b Mpa-0089.283,01
|
| 990 |
|
|
|a MP
|
| 991 |
|
|
|b 201205
|